Применение метода дуальных энергий для томографического контроля тепловыделяющих элементов; Ресурсоэффективные системы в управлении и контроле: взгляд в будущее

Bibliografiske detaljer
Parent link:Ресурсоэффективные системы в управлении и контроле: взгляд в будущее.— 2017.— [С. 69]
Hovedforfatter: Чинь Ван Бак
Institution som forfatter: Национальный исследовательский Томский политехнический университет (ТПУ) Институт неразрушающего контроля (ИНК) Российско-китайская научная лаборатория радиационного контроля и досмотра (РКНЛ РКД)
Andre forfattere: Осипов С. П. Сергей Павлович (научный руководитель)
Summary:Заглавие с экрана
Sprog:russisk
Udgivet: 2017
Serier:Современные технологии в неразрушающем контроле
Fag:
Online adgang:http://earchive.tpu.ru/handle/11683/44680
Format: MixedMaterials Electronisk Book Chapter
KOHA link:https://koha.lib.tpu.ru/cgi-bin/koha/opac-detail.pl?biblionumber=624791

MARC

LEADER 00000naa2a2200000 4500
001 624791
005 20231220153441.0
035 |a (RuTPU)RU\TPU\conf\24051 
035 |a RU\TPU\conf\24043 
090 |a 624791 
100 |a 20171130d2017 k y0rusy50 ca 
101 0 |a rus 
102 |a RU 
105 |a y z 101zy 
135 |a drgn ---uucaa 
181 0 |a i  
182 0 |a b 
200 1 |a Применение метода дуальных энергий для томографического контроля тепловыделяющих элементов  |f Чинь Ван Бак, С. П. Осипов  |g науч. рук. С. П. Осипов 
203 |a Текст  |c электронный 
225 1 |a Современные технологии в неразрушающем контроле 
300 |a Заглавие с экрана 
320 |a [Библиогр.: с. 69 (2 назв.)] 
463 0 |0 (RuTPU)RU\TPU\conf\23960  |t Ресурсоэффективные системы в управлении и контроле: взгляд в будущее  |o сборник научных трудов VI Международной конференции школьников, студентов, аспирантов, молодых ученых, 9 -14 октября 2017 г., г. Томск  |f Национальный исследовательский Томский политехнический университет (ТПУ)  |v [С. 69]  |d 2017 
610 1 |a электронный ресурс 
610 1 |a труды учёных ТПУ 
610 1 |a дуальная энергия 
610 1 |a томографический контроль 
610 1 |a тепловыделяющие элементы 
610 1 |a ТВЭЛы 
610 1 |a ядерные реакторы 
610 1 |a рентгеновская томография 
610 1 |a вычислительная томография 
610 1 |a математическое моделирование 
700 0 |a Чинь Ван Бак  |c специалист в области неразрушающего контроля  |c инженер-исследователь Томского политехнического университета  |3 (RuTPU)RU\TPU\pers\39886 
701 1 |a Осипов  |b С. П.  |c специалист в области неразрушающего контроля  |c ведущий научный сотрудник Томского политехнического университета, кандидат технических наук  |f 1958-  |g Сергей Павлович  |3 (RuTPU)RU\TPU\pers\33974  |9 17547 
702 1 |a Осипов  |b С. П.  |c специалист в области неразрушающего контроля  |c ведущий научный сотрудник Томского политехнического университета, кандидат технических наук   |f 1958-  |g Сергей Павлович  |4 727 
712 0 2 |a Национальный исследовательский Томский политехнический университет (ТПУ)  |b Институт неразрушающего контроля (ИНК)  |b Российско-китайская научная лаборатория радиационного контроля и досмотра (РКНЛ РКД)  |3 (RuTPU)RU\TPU\col\21551 
801 2 |a RU  |b 63413507  |c 20200204  |g RCR 
856 4 |u http://earchive.tpu.ru/handle/11683/44680 
942 |c BK